| 000 | 00927nam a22002417a 4500 | ||
|---|---|---|---|
| 005 | 20230117141440.0 | ||
| 008 | 230117s2020 enka|||fr|||| 00| 0 eng d | ||
| 020 | _a9780323673761 | ||
| 040 |
_aCO-BoUCM _bspa _cDeissy Garcia _dDeissy Garcia |
||
| 041 | 0 | _aeng | |
| 060 | _aWE 727 | ||
| 245 | 0 | 0 |
_aSurgical anatomy of the lateral transpsoas approach to the lumbar spine _cedición R. Shane Tubbs, Rod J. Oskouian, Joe Iwanaga, Marc Moisi |
| 260 |
_aEastbourne _bElsevier _c2020 |
||
| 300 |
_axi, 244 páginas _bilustraciones |
||
| 504 | _aIncluye referencias bibliográficas e índices | ||
| 650 |
_aVértebras lumbares _xAnatomía _9176532 |
||
| 650 |
_aVértebras lumbares _xCirugía _9176533 |
||
| 700 | 1 |
_9176529 _aTubbs, R. Shane _eeditor |
|
| 700 | 1 |
_aOskouian, Rod J. _9176534 |
|
| 700 | 1 |
_9176530 _aIwanaga, Joe _eeditor |
|
| 700 | 1 |
_9176531 _aMoisi, Marc _eeditor |
|
| 942 |
_2NLM _a15 _cLIBRO _e1 _hWE 727 _mS961 _n0 |
||
| 999 |
_c322006 _d322006 |
||